| 000 | 01008cab a2200325 4500 | ||
|---|---|---|---|
| 001 | ABS50288 | ||
| 008 | 090401t1994 xxu||||| |||| 00| 0 eng d | ||
| 035 | _a(Sirsi) u75090 | ||
| 041 | _aeng | ||
| 100 | _aOstrin, A.R. | ||
| 245 | _aCausing pollution | ||
| 260 | _c1994 | ||
| 350 | _a0 | ||
| 490 |
_aNew Law Journal _v144(6640) 18 March 1994, 398-399(2) |
||
| 520 | _aReviews recent pollution case law. | ||
| 650 | _aALPHACELL LTD V WOODWARD | ||
| 650 | _aIMPRESS (WORCESTER) V REES | ||
| 650 | _aNATIONAL RIVERS AUTHORITY V WELSH DEVELOPMENT AGENCY | ||
| 650 | _aNATIONAL RIVERS AUTHORITY V YORKSHIRE WATER SERVICES LTD | ||
| 650 | _aPOLLUTION | ||
| 650 | _aPRICE V CROMACK | ||
| 650 | _aSALMON & FRESH WATER FISHERIES ACT 1975 | ||
| 650 | _aSOUTHERN WATER AUTHORITY V PEGRUM AND PEGRUM | ||
| 650 | _aWATER ACT 1989 | ||
| 650 | _aWYCHAVON DC V NATIONAL RIVERS AUTHORITY | ||
| 690 | _aENVIRONMENTAL AND LAND CONSULTANCY | ||
| 690 | _aWATER | ||
| 942 | _n0 | ||
| 948 | _c04/03/1997 | ||
| 999 |
_c47309 _d47309 |
||